Arnaldo RocheRabell (Record no. 4707)

MARC details
000 - LÍDER
campo de control de longitud fija 00885nam a2200205Ia 4500
008 - ELEMENTOS DE DATOS DE LONGITUD FIJA - INFORMACIÓN GENERAL
campo de control de longitud fija 0000001995 usa 0000000000eng00
090 ## - NÚMERO DE LLAMADA DE TIPO LC LOCALMENTE ASIGNADO (OCLC)
Número de clasificación (OCLC) (R) PPR00 R61r
100 1# - ENTRADA PRINCIPAL - NOMBRE PERSONAL
Nombre de la persona RocheRabell, Arnaldo
Fechas asociadas a un nombre 1955
245 10 - TÍTULO DECLARACIÓN
Título Arnaldo RocheRabell
Resto del título : recent works
Declaración de responsabilidad / curator Guillermo Serrano
260 ## - PUBLICACIÓN, DISTRIBUCIÓN
Lugar de publicación Coral Gables : Elite Fine Art Jose MartinezCañas
Fecha de publicación 1995
300 ## - DESCRIPCIÓN FÍSICA
Alcance [6] p.
Dimensiones / 23 cm.
500 ## - NOTA GENERAL
Nota general Exposición realizada en Elite Fine Art José MartínezCañas, Coral Gables, Florida, 526 mayo, 1995 \ Texto en inglés \ Con el patronazgo del maestro venezolano Jesús Rafael Soto (q.e.p.d.)
600 00 - ENTRADA DE SUJETO AÑADIDO - NOMBRE PERSONAL
Nombre de la persona ROCHERABELL, ARNALDO, 1955 /
Subdivisión general TRABAJOS PICTORICOS
650 14 - ENTRADA DE SUJETO AÑADIDO - TÉRMINO TÓPICO
Término tópico o elemento de entrada del nombre geográfico PINTURA PUERTORRIQUEÑA
650 14 - ENTRADA DE SUJETO AÑADIDO - TÉRMINO TÓPICO
Término tópico o elemento de entrada del nombre geográfico ARTE CONTEMPORANEO PUERTORRIQUEÑO
650 14 - ENTRADA DE SUJETO AÑADIDO - TÉRMINO TÓPICO
Subdivisión general CATALOGOS
650 14 - ENTRADA DE SUJETO AÑADIDO - TÉRMINO TÓPICO
Subdivisión general EXPOSICIONES
650 14 - ENTRADA DE SUJETO AÑADIDO - TÉRMINO TÓPICO
Término tópico o elemento de entrada del nombre geográfico PINTORES PUERTORRIQUEÑOS
700 1# - ENTRADA AGREGADA - NOMBRE PERSONAL
Nombre de la persona Serrano, Guillermo
Holdings
Estado de retirada Pérdida de estatus Estado dañado No para préstamo Código de recogida Ubicación permanente Ubicación actual Ubicación de las estanterías Fecha de adquisición Número de llamada completo Código de barras Fecha de la última vez que se vio Número de copia Precio efectivo desde Tipo de artículo Koha
        General ArtNexus ArtNexus General 06/09/2022 P-PR-00 R61R 4711 06/09/2022 Ej.1 06/09/2022 Libro

Powered by Koha